• 首页
  • 本馆介绍
  • 公告通知
  • 最新文献
  • 馆藏检索
  • 电子资源
  • 读者导购
  • 参考咨询
  • 我的图书馆
  • 登录
  • 详细信息显示
  • 放入我的书架
  • 预约/预借图书
  • 作者相关作品
  • 分类相关作品
  • 丛书相关作品
  • 出版社相关作品

书目信息

  • 表格格式
  • 工作单格式
  • 卡片格式
题名:
夏庭光演出剧本选
    
 
作者: 夏庭光 著 ;重庆市文化和旅游研究院 编
分册: 下卷  
出版信息: 长春   吉林文史出版社  2020.06
页数: 2册 (937页)
开本: 24cm
丛书名:
单 册:
中图分类: I236.71
科图分类:
主题词: 川剧--chuan ju--地方戏剧本--作品集
电子资源:
ISBN: 978-7-5472-6921-3
000 01060nam0 2200253 450
001 CAL 0120217278077
005 20230302192608.53
010    @a978-7-5472-6921-3@dCNY64.00
100    @a20211020d2020 em y0chiy0120 ea
101 0  @achi
102    @aCN@b220000
105    @ay z 000by
106    @ar
200 1  @a夏庭光演出剧本选@Axia ting guang yan chu ju ben xuan@h下卷@f夏庭光著@g重庆市文化和旅游研究院编
210    @a长春@c吉林文史出版社@d2020.06
215    @a2册 (937页)@d24cm
300    @a重庆市文化和旅游研究院艺术档案成果
330    @a本书分上下卷。主要内容有: 抱尸归家 (高腔)、.镫打石雷 (弹戏·甜皮)、卖油郎 (高腔)、祝英台打店 (高腔)、思亲诘问 (高腔)、法场换子 (胡琴·二黄)、徐策观阵 (胡琴·二黄)、活捉李甲 (高腔)、出祁山 (胡琴·西皮)、韩信斩樵夫 (胡琴·西皮) 等。
606 0  @a川剧@Achuan ju@x地方戏剧本@x作品集
690    @aI236.71@v5
701  0 @a夏庭光@Axia ting guang@4著
712 02 @a重庆市文化和旅游研究院@Achong qing shi wen hua he lu^ you yan jiu yuan@4编
801  0 @aCN@bBJXHZP@c20230228
905    @b1379765-8@dI236.71@e15:2@f4
    
    夏庭光演出剧本选.下卷/夏庭光著/重庆市文化和旅游研究院编.-长春:吉林文史出版社,2020.06
    2册 (937页);24cm
    重庆市文化和旅游研究院艺术档案成果
    
    ISBN 978-7-5472-6921-3:CNY64.00
    本书分上下卷。主要内容有: 抱尸归家 (高腔)、.镫打石雷 (弹戏·甜皮)、卖油郎 (高腔)、祝英台打店 (高腔)、思亲诘问 (高腔)、法场换子 (胡琴·二黄)、徐策观阵 (胡琴·二黄)、活捉李甲 (高腔)、出祁山 (胡琴·西皮)、韩信斩樵夫 (胡琴·西皮) 等。
●
相关链接 在E读中查询图书 在五车中查询图书 在当当中查询图书 在豆瓣中查询图书


正题名:夏庭光演出剧本选     索取号:I236.71/15:2         预约/预借

序号 登录号 条形码 馆藏地/架位号 状态 备注
1 1379765   213797658   第一样本阅览室/ [索取号:I236.71/15:2] 在馆    
2 1379766   213797667   第二借阅区/ [索取号:I236.71/15:2] 在馆    
3 1379767   213797676   第二借阅区/ [索取号:I236.71/15:2] 在馆    
4 1379768   213797685   第二借阅区/ [索取号:I236.71/15:2] 在馆    
唐山师范学院图书馆 欢迎您!
大连网信软件有限公司© 版权所有